000 00667nam a2200217 a 4500
005 20240910064323.0
008 040517s1994 mx r 000 0 spa d
020 _a8448118044
035 _aUPN01000133466
049 _aCG
050 4 _aLB1060
_bK4.3 1994
100 1 _aKlein, Stephen B.
245 1 0 _aAprendizaje :
_bprincipios y aplicaciones /
_cStephen B. Klein ; tr. Matias López Ramírez.
250 _a2a ed.
260 _aMadrid :
_bMcGraw-Hill,
_cc1994.
300 _axviii, 686 p.
534 _pTraducción de:
_tLearning : principles and applications
650 4 _aAprendizaje
_92861
650 4 _aCONDICIONAMIENTO CLASICO
_911141
905 _aLibro
999 _c105617
_d105617